| 000 | 00582cab a2200205 4500 | ||
|---|---|---|---|
| 001 | WB2738-24 | ||
| 008 | 090401t1991 xxu||||| |||| 00| 0 eng d | ||
| 035 | _a(Sirsi) u1587 | ||
| 041 | _aeng | ||
| 100 | _aVaughan, Colin | ||
| 245 | _aChallenge of the futures | ||
| 260 | _c1991 | ||
| 350 | _a0 | ||
| 490 |
_aCS Monthly : General Practice _v(2) October 1991, 7(1) |
||
| 520 | _aOutlines the challenge for the profession of the property futures market. | ||
| 650 | _aPROPERTY FUTURES | ||
| 690 | _aPROPERTY-PROPERTY FINANCE AND INVESTMENT | ||
| 942 | _n0 | ||
| 948 | _c04/03/1997 | ||
| 999 |
_c898 _d898 |
||